000 01316nam a2200325Ic 4500
001 60763
003 CO-BoRNBP
005 20260317220919.0
007 ta
008 200115s2019 ck 000 0 spa d
020 _a9789585241022
040 _aCO-BoRNBP
_bspa
_erda
_cCO-BoRNBP
041 _aspa
084 _aP
245 0 0 _aNidos que arrullan :
_bnanas, cantos y arrullos de América Latina /
_cselección Cintia Roberts ; ilustraciones Laura Varsky ; música Teresa Usandivaras y Pablo Spiller ; voz invitada Laura Devetach.
250 _aEdición especial
264 1 _aBogotá, Colombia :
_bAS Ediciones,
_c2019
300 _a43 páginas :
_bilustraciones en color +
_e1 CD
336 _2rdacontent
_atexto
_btxt
337 _2rdamedia
_asin mediación
_bn
338 _2rdacarrier
_avolumen
_bnc
490 0 _aPlan Nacional de Lectura y Escritura Leer es mi cuento / Ministerio de Cultura
500 _aIncluye CD con música Teresa Usandivaras y Pablo Spiller
650 0 7 _aCanciones de cuna
_vColecciones
_2lemb
_963774
650 1 7 _aCanciones Latinoamericanas
_vColecciones
_2lemb
_963775
650 1 7 _aPoesía infantil latinoamericana
_vColecciones
_2rnbp
_963776
650 1 7 _aTradición oral latinoamericana
_vColecciones
_2lemb
_963777
700 1 0 _aVarsky, Laura
_eill
_963779
942 _2loc
_cBKINF
999 _c60763
_d60763